Entry Nombre personal
001 - NÚMERO DE CONTROL
- campo de control: 27140
003 - IDENTIFICADOR DE NÚMERO DE CONTROL
- campo de control: SpMaBN
005 - FECHA Y HORA DE LA ÚLTIMA TRANSACCIÓN
- campo de control: 20230908165832.0
008 - ELEMENTOS DE DATO DE LONGITUD-FIJA
- campo de control de longitud fija: 900725nn ainnnaabn n aac
016 ## - NÚMERO DE CONTROL DE UNA AGENCIA BIBLIOGRÁFICA NACIONAL
- Número de control del registro: BNE19970752105
040 ## - FUENTE DE CATALOGACIÓN
- Centro catalogador/agencia de origen: SpMaBN
- Lengua de catalogación: spa
- Centro/agencia transcriptor: A2
100 1# - ENCABEZAMIENTO-NOMBRE DE PERSONA
- Nombre de persona: Belda Carreras, José
373 ## - GRUPO ASOCIADO
- Grupo asociado: Ateneo de Madrid
- Fuente de información: Cargos históricos del Ateneo de Madrid 1835-1936 (Archivo del Ateneo); Listado de socios anteriores a 1 de abril de 1939 (Archivo del Ateneo)
375 ## - GÉNERO/SEXO
- Género: Masculino
678 ## - DATOS BIOGRÁFICOS O HISTÓRICOS
- Datos biográficos o históricos: Socio del Ateneo de Madrid n. 7364. Secretario primero de la Sección de Ciencias Históricas en 1911-12
- Ampliación de la nota: Fuentes: Cargos históricos del Ateneo de Madrid 1835-1936 (Archivo del Ateneo); Listado de socios anteriores a 1 de abril de 1939 (Archivo del Ateneo)
